[Event "Mechanics' Spring TNM; 30/90, SD/30"]
[Site "San Francisco"]
[Date "2013.04.09"]
[Round "4.2"]
[White "Woebcke, Carl"]
[Black "Kokesh, Tim"]
[Result "0-1"]
[WhiteElo "1752"]
[BlackElo "2110"]
[PlyCount "72"]
[EventDate "2013.??.??"]

1. e4 c5 2. Nf3 d6 3. d4 cxd4 4. Nxd4 Nf6 5. Nc3 g6 6. Be3 Bg7 7. f3 Nc6 8. Qd2
O-O 9. Bc4 Bd7 10. O-O-O Rc8 11. Bb3 Ne5 12. Kb1 Re8 13. h4 Qa5 14. g4 Rxc3 15.
Qxc3 Qxc3 16. bxc3 a5 17. a4 Rc8 18. g5 Nh5 19. Bd2 Nc4 20. Bc1 Nb6 21. Nb5
Bxb5 22. axb5 Rxc3 23. Bd2 Rc5 24. Bxa5 Rxb5 25. Bxb6 Rxb6 26. Rd5 Nf4 27. Ra5
Bc3 28. Ra8+ Kg7 29. Ra4 Be5 30. Rd1 Ne2 31. Rd3 Nc3+ 32. Rxc3 Bxc3 33. Rc4 Be5
34. Rc7 e6 35. Kc1 d5 36. exd5 Bxc7 0-1

[Event "Mechanics' Summer TNM; 30/90, SD/30"]
[Site "San Francisco"]
[Date "2013.07.09"]
[Round "7.23"]
[White "Woebcke, Carl"]
[Black "Morgan, Jerry"]
[Result "1-0"]
[WhiteElo "1797"]
[BlackElo "1575"]
[PlyCount "39"]
[EventDate "2013.??.??"]

1. e4 c6 2. d4 d5 3. Nc3 dxe4 4. Nxe4 Bf5 5. Ng3 Bg6 6. N1e2 e5 7. Be3 exd4 8.
Nxd4 Nd7 9. Bd3 Ngf6 10. O-O Ne5 11. Bxg6 hxg6 12. Bf4 Qc7 13. Bxe5 Bd6 14. Nb5
cxb5 15. Bxd6 Qd7 16. Re1+ Kd8 17. Be7+ Kc7 18. Bxf6 gxf6 19. Qxd7+ Kxd7 20.
Rad1+ 1-0

[Event "Mechanics' Winter TNM; 30/90, SD/30"]
[Site "San Francisco"]
[Date "2013.01.29"]
[Round "4.21"]
[White "Woebcke, Carl"]
[Black "Rakonitz, David"]
[Result "1-0"]
[WhiteElo "1769"]
[BlackElo "1490"]
[Annotator "de Fermian"]
[PlyCount "97"]
[EventDate "2013.??.??"]

1. e4 e6 2. d4 d5 3. Nd2 dxe4 4. Nxe4 Nd7 5. Nf3 Ngf6 6. Nxf6+ Nxf6 7. c3 c5 8.
Ne5 a6 9. Be3 cxd4 10. Bxd4 Be7 11. Qa4+ Kf8 (11... Nd7 12. O-O-O O-O 13. Be3
Nb6 14. Rxd8 Nxa4 15. Rxf8+ Kxf8 16. Be2) 12. Rd1 Qc7 13. Be2 Nd7 (13... Rb8
14. Qb3 b5 15. Bf3 Bb7) 14. Nxd7+ Bxd7 15. Bxg7+ Ke8 16. Qd4 (16. Qc2) 16...
Rg8 17. Be5 Qc8 18. Bh5 Bg5 19. Bxf7+ Kxf7 20. Qxd7+ Qxd7 21. Rxd7+ Kg6 22.
Rxb7 Kf5 23. f4 Bxf4 24. Bxf4 Kxf4 25. O-O+ Ke5 26. Rxh7 Rg5 27. Rh6 Re8 28. h3
Kd5 29. g4 a5 30. b3 e5 31. Rf5 Rxf5 32. gxf5 Rg8+ 33. Rg6 Rf8 34. f6 Rf7 35.
Kf2 Ke4 36. h4 Rh7 37. Kg3 Kf5 38. Rg7 Rh6 39. f7 Rf6 40. Kf3 Ke6+ 41. Ke3 Ke7
42. Ke4 Rf4+ 43. Kxe5 Rxh4 44. f8=Q+ Kxf8 45. Ra7 Ke8 46. Kd5 Rh5+ 47. Kc6 Rh6+
48. Kb5 Rh5+ 49. Ka4 1-0

[Event "Mechanics' Summer TNM; 30/90, SD/30"]
[Site "San Francisco"]
[Date "2013.06.11"]
[Round "3.28"]
[White "Woebcke, Carl"]
[Black "Schlosberg, Max"]
[Result "1-0"]
[WhiteElo "1797"]
[BlackElo "1199"]
[PlyCount "37"]
[EventDate "2013.??.??"]

1. e4 e5 2. f4 exf4 3. Nf3 Nf6 4. Nc3 Bb4 5. d3 O-O 6. Be2 d5 7. e5 Nfd7 8. O-O
Nb6 9. Bxf4 Nc6 10. d4 f6 11. exf6 Qxf6 12. Bxc7 Nc4 13. Nxd5 Qf7 14. Bxc4 Na5
15. Ne7+ Kh8 16. Bxf7 Rxf7 17. Ng5 Rxf1+ 18. Qxf1 Bd7 19. Nf7# 1-0

[Event "Mechanics' Summer TNM; 30/90, SD/30"]
[Site "San Francisco"]
[Date "2013.05.28"]
[Round "1.32"]
[White "Woebcke, Carl"]
[Black "Touset, Stephen"]
[Result "1-0"]
[WhiteElo "1797"]
[BlackElo "1005"]
[PlyCount "49"]
[EventDate "2013.??.??"]

1. e4 d6 2. d4 Nf6 3. Nc3 e5 4. dxe5 dxe5 5. Qxd8+ Kxd8 6. Bg5 Bd6 7. O-O-O Ke7
8. Nd5+ Kd7 9. Nxf6+ gxf6 10. Bxf6 Rg8 11. Bxe5 Nc6 12. f4 b6 13. Bb5 Bb7 14.
Rd2 a6 15. Bc4 Ke7 16. Bxd6+ cxd6 17. Nf3 Na5 18. Bd5 Rac8 19. Bxb7 Nxb7 20. g3
Nc5 21. e5 Ne4 22. exd6+ Nxd6 23. Re1+ Kd7 24. Red1 Rc6 25. Ne5+ 1-0

[Event "Mechanics' Spring TNM; 30/90, SD/30"]
[Site "San Francisco"]
[Date "2013.03.26"]
[Round "2.12"]
[White "Woebcke, Carl"]
[Black "Uzzaman, Ashik"]
[Result "1-0"]
[WhiteElo "1752"]
[BlackElo "1987"]
[PlyCount "61"]
[EventDate "2013.??.??"]

1. e4 c5 2. Nf3 g6 3. d4 cxd4 4. Nxd4 Nf6 5. Nc3 Bg7 6. Be3 Nc6 7. Bc4 O-O 8.
Bb3 a5 9. f3 d5 10. Bxd5 Nxd5 11. exd5 Nb4 12. O-O Nxd5 13. Nxd5 Qxd5 14. c3
Rd8 15. Nb5 Qxd1 16. Raxd1 Bf5 17. Nc7 Rxd1 18. Rxd1 Rc8 19. Bb6 a4 20. g4 Bc2
21. Rd7 e6 22. Nb5 Be5 23. Rxb7 Bb1 24. a3 Bd3 25. Be3 Bc4 26. f4 Bb8 27. Nd4
Bd5 28. Rb4 Bd6 29. Rxa4 Rb8 30. c4 Be4 31. b4 1-0

[Event "Mechanics' Spring TNM; 30/90, SD/30"]
[Site "San Francisco"]
[Date "2013.04.30"]
[Round "7.3"]
[White "Wong, Russell"]
[Black "Anderson, Michael"]
[Result "1/2-1/2"]
[WhiteElo "2200"]
[BlackElo "1953"]
[PlyCount "118"]
[EventDate "2013.??.??"]

1. d4 Nf6 2. Bg5 b6 3. Bxf6 exf6 4. e3 Bb7 5. Nc3 g6 6. Nge2 Bg7 7. Nf4 Nc6 8.
Bd3 Ne7 9. Be4 d5 10. Bd3 f5 11. h4 h5 12. Nce2 Qd6 13. c3 a6 14. Ng3 c6 15.
Qf3 Bc8 16. O-O-O b5 17. Kb1 Bd7 18. Bc2 Bh6 19. Nd3 Bg7 20. Nc5 Be6 21. Ne2 a5
22. Nf4 O-O 23. Qg3 Bc8 24. Nxh5 Qxg3 25. Nxg3 Bh6 26. Ne2 Kg7 27. g3 Ng8 28.
Nf4 Nf6 29. f3 Re8 30. Rde1 Ra7 31. Ng2 Rae7 32. Re2 Nh5 33. Rh3 Bxe3 34. Bd3
f4 35. g4 Ng3 36. Re1 Nh5 37. Kc2 Nf6 38. Rh2 Bf2 39. Rxe7 Rxe7 40. Nxf4 Bg3
41. Re2 Rxe2+ 42. Nxe2 Bxh4 43. Nc1 Ne8 44. a4 bxa4 45. Nxa4 Bd8 46. Nb3 Kf6
47. Nac5 Nd6 48. Kd2 Nb7 49. Nxb7 Bxb7 50. Nc5 Bc8 51. Ke2 Bc7 52. b3 Kg5 53.
Ke3 Bf4+ 54. Kf2 Bc1 55. Na4 Ba3 56. Ke2 Bc1 57. Kf2 Kf4 58. Nc5 Bd2 59. Na4
Bc1 1/2-1/2

[Event "Mechanics' Winter TNM; 30/90, SD/30"]
[Site "San Francisco"]
[Date "2013.01.15"]
[Round "2.4"]
[White "Wong, Russell"]
[Black "Andries, Craig"]
[Result "1-0"]
[WhiteElo "2200"]
[BlackElo "1942"]
[PlyCount "85"]
[EventDate "2013.??.??"]

1. e4 g6 2. d4 Bg7 3. Nc3 d6 4. Be3 a6 5. f4 Nf6 6. Be2 b5 7. e5 dxe5 8. dxe5
Qxd1+ 9. Rxd1 Ng4 10. Bc5 c6 11. Bf3 h5 12. Nge2 a5 13. Nxb5 O-O 14. Bxe7 Ba6
15. Bxf8 Bxf8 16. Nc7 Ra7 17. Nxa6 Rxa6 18. Rd3 Kg7 19. h3 Nh6 20. g4 hxg4 21.
hxg4 a4 22. g5 Ng8 23. Be4 Rb6 24. f5 gxf5 25. Bxf5 Ne7 26. Be4 Rxb2 27. Ng3
Ng6 28. Bxg6 Kxg6 29. Rh8 Bg7 30. Rg8 Kh7 31. Re8 a3 32. Ne4 Na6 33. Rxa3 Nb4
34. Kd1 Rxc2 35. g6+ Kxg6 36. Rg3+ Kh6 37. Rg8 Rxa2 38. R8xg7 Ra1+ 39. Kd2 Ra2+
40. Kc1 Nd3+ 41. Kb1 Ra8 42. Nf6 Rh8 43. Ng8+ 1-0

[Event "Mechanics' Winter TNM; 30/90, SD/30"]
[Site "San Francisco"]
[Date "2013.01.29"]
[Round "4.2"]
[White "Wong, Russell"]
[Black "Byamba, Uyanga"]
[Result "1/2-1/2"]
[WhiteElo "2200"]
[BlackElo "2094"]
[Annotator "Donaldson"]
[PlyCount "80"]
[EventDate "2013.??.??"]

1. e4 c5 2. Nf3 Nc6 3. c3 Nf6 4. e5 Nd5 5. d4 cxd4 6. cxd4 e6 7. a3 d6 8. Bc4
dxe5 9. dxe5 Be7 10. O-O O-O 11. Qe2 a6 12. Rd1 b5 13. Bd3 Qc7 14. Bd2 b4 15.
Rc1 Qb6 16. Qe4 g6 17. Bh6 Re8 18. Nbd2 Na5 19. Bg5 Bb7 20. Qh4 bxa3 21. bxa3
Bxg5 22. Nxg5 h5 23. Nde4 Rac8 24. Nd6 Rxc1+ 25. Rxc1 Re7 26. Ngxf7 Rxf7 27.
Nxf7 Kxf7 28. Qg5 Ne7 29. Qf6+ Ke8 30. Bxg6+ Kd7 31. Qf7 Qd8 32. Rd1+ Bd5 33.
Be4 Kc7 34. Bxd5 exd5 35. Qe6 Nac6 36. f4 Qd7 37. Qf7 Qg4 38. Rxd5 Qe2 39. h3
h4 40. Rd6 $2 (40. Kh2 Qe3 (40... Qf2 41. Rd3 $18) 41. Rd1 $18) 40... Qe1+
1/2-1/2

[Event "Mechanics' Fall TNM; 30/90, SD/30"]
[Site "San Francisco"]
[Date "2013.11.19"]
[Round "5.3"]
[White "Wong, Russell"]
[Black "Byambaa, Uyanga"]
[Result "1-0"]
[WhiteElo "2200"]
[BlackElo "2066"]
[PlyCount "113"]
[EventDate "2013.??.??"]

1. g3 e5 2. Bg2 d5 3. c4 dxc4 4. Na3 Nf6 5. Nxc4 Bc5 6. Qc2 O-O 7. d3 Nc6 8.
Bxc6 bxc6 9. Nf3 e4 10. dxe4 Qe7 11. e5 Nd5 12. a3 a5 13. O-O f6 14. exf6 Nxf6
15. Be3 Bh3 16. Rfc1 Bxe3 17. Nxe3 Nd5 18. Qc5 Qxc5 19. Rxc5 Nxe3 20. fxe3 Rab8
21. Rc2 Rfe8 22. Kf2 Rb3 23. Rd1 Rbxe3 24. Rdd2 R3e6 25. Rc5 Ra8 26. Rdc2 Ra6
27. R2c4 h6 28. Rh4 g5 29. Rxh3 g4 30. Rh4 gxf3 31. exf3 Rb6 32. Rc2 Rb3 33.
Rhc4 Rb6 34. Rc5 Ra6 35. f4 Kf7 36. Kf3 Rd6 37. Ke4 Kg6 38. g4 a4 39. h4 Rb6
40. h5+ Kg7 41. g5 hxg5 42. fxg5 Kh7 43. Kf5 Rb8 44. Rxc6 Rf8+ 45. Kg4 Rd4+ 46.
Kg3 Rd3+ 47. Kg2 Rf5 48. Rxc7+ Kg8 49. Rc8+ Kf7 50. Rf2 Rxf2+ 51. Kxf2 Rd2+ 52.
Kg3 Rxb2 53. g6+ Kg7 54. Rc7+ Kf8 55. h6 Rb6 56. g7+ Kg8 57. Rc8+ 1-0

[Event "Mechanics' Summer TNM; 30/90, SD/30"]
[Site "San Francisco"]
[Date "2013.06.18"]
[Round "4.8"]
[White "Wong, Russell"]
[Black "Delmonico, Nils"]
[Result "1-0"]
[WhiteElo "2209"]
[BlackElo "1874"]
[PlyCount "65"]
[EventDate "2013.??.??"]

1. e4 c5 2. Nf3 g6 3. Bc4 Nc6 4. O-O Bg7 5. c3 e6 6. d4 cxd4 7. cxd4 Nge7 8. d5
Ne5 9. Nxe5 Bxe5 10. dxe6 fxe6 11. f4 Qb6+ 12. Kh1 Bxb2 13. Bxb2 Qxb2 14. Nd2
Qd4 15. Qe2 O-O 16. Rad1 d5 17. Bb3 Bd7 18. Nf3 Qc5 19. Nd4 Rae8 20. Qg4 Nc6
21. Nf3 Re7 22. exd5 exd5 23. Qg5 Be6 24. Nh4 Rg7 25. Rfe1 Bf7 26. Nf3 b5 27.
Bxd5 Bxd5 28. Rxd5 Qc4 29. Rc5 h6 30. Rxc4 hxg5 31. Rxc6 g4 32. Ng5 Rxf4 33.
Rc8+ 1-0

[Event "Mechanics' Spring TNM; 30/90, SD/30"]
[Site "San Francisco"]
[Date "2013.04.16"]
[Round "5.2"]
[White "Wong, Russell"]
[Black "Fuentes, Romulo"]
[Result "0-1"]
[WhiteElo "2200"]
[BlackElo "2220"]
[PlyCount "58"]
[EventDate "2013.??.??"]

1. e4 c5 2. Nf3 e6 3. d4 cxd4 4. Qxd4 Nc6 5. Qe3 Nf6 6. Bd3 Qc7 7. h3 d6 8. O-O
h6 9. c4 Nb4 10. Nc3 Bd7 11. Bd2 Nxd3 12. Qxd3 Rc8 13. b3 Be7 14. Rac1 a6 15.
Rfd1 O-O 16. Bf4 e5 17. Be3 Be6 18. Qe2 Nh7 19. Nd5 Bxd5 20. cxd5 Qd7 21. Rxc8
Rxc8 22. Rc1 f5 23. Rxc8+ Qxc8 24. exf5 Qxf5 25. Qc4 Nf6 26. Nd2 Qd7 27. Ne4
Ne8 28. a4 Qc7 29. Nd2 (29. Qxc7 Nxc7 30. Ng3 Bf6 31. Ne4 Bd8 32. f4 exf4 33.
Bxf4 Bf6) (29. Qd3 {maybe} Qd7 30. Ng3 Bf6 31. Ne4 Bd8 32. f4 exf4 33. Bxf4 Bf6
34. Qc4 Be5 35. Nd2) 29... Bf6 0-1

[Event "Mechanics' Summer TNM; 30/90, SD/30"]
[Site "San Francisco"]
[Date "2013.06.04"]
[Round "2.23"]
[White "Wong, Russell"]
[Black "Muller, Raymond"]
[Result "1-0"]
[WhiteElo "2209"]
[BlackElo "1374"]
[PlyCount "51"]
[EventDate "2013.??.??"]

1. e4 e6 2. d4 d5 3. Nd2 dxe4 4. Nxe4 Bd7 5. Bd3 Nf6 6. Bg5 Be7 7. Nxf6+ Bxf6
8. Be3 Bc6 9. Nf3 Nd7 10. Qe2 Qe7 11. O-O O-O-O 12. a4 Nb8 13. Ne5 Bxe5 14.
dxe5 a6 15. c3 Qh4 16. f4 h6 17. b4 g5 18. b5 axb5 19. axb5 Bd5 20. c4 gxf4 21.
Rxf4 Qg5 22. cxd5 Qxe5 23. Ra8 Rxd5 24. Bc4 Rc5 25. Bxc5 Qxf4 26. Bxe6+ 1-0

[Event "Mechanics' Winter TNM; 30/90, SD/30"]
[Site "San Francisco"]
[Date "2013.02.12"]
[Round "6.4"]
[White "Wong, Russell"]
[Black "Ortega, Bill"]
[Result "1/2-1/2"]
[WhiteElo "2200"]
[BlackElo "2068"]
[PlyCount "71"]
[EventDate "2013.??.??"]

1. e4 d5 2. exd5 Nf6 3. d4 Nxd5 4. c4 Nb6 5. Nc3 e5 6. dxe5 Qxd1+ 7. Nxd1 Nc6
8. f4 Be6 9. Ne3 Bb4+ 10. Bd2 Bxd2+ 11. Kxd2 O-O-O+ 12. Kc3 Na4+ 13. Kb3 Nc5+
14. Ka3 g6 15. Nf3 Nd3 16. g3 Nf2 17. Rg1 Rd7 18. b3 Rhd8 19. Be2 Nd4 20. Nxd4
Rxd4 21. Rgf1 Ne4 22. Rfe1 Rd2 23. Nf1 R2d4 24. Rad1 Nd2 25. Nxd2 Rxd2 26. Bf3
Bxc4 $1 27. h4 Be6 28. Rxd2 Rxd2 29. Rd1 Rxd1 30. Bxd1 h5 31. Kb4 b6 32. Kb5
Bd5 33. Ka6 Kb8 34. g4 hxg4 35. Bxg4 Be4 36. Kb5 {remainder illegible} 1/2-1/2

[Event "Mechanics' Spring TNM; 30/90, SD/30"]
[Site "San Francisco"]
[Date "2013.04.02"]
[Round "3.8"]
[White "Wong, Russell"]
[Black "Rudyak, Felix"]
[Result "1-0"]
[WhiteElo "2200"]
[BlackElo "1968"]
[PlyCount "49"]
[EventDate "2013.??.??"]

1. e4 c5 2. Nf3 d6 3. c3 g6 4. Bc4 Bg7 5. d4 cxd4 6. cxd4 Nf6 7. Nc3 O-O 8. Bb3
Nc6 9. O-O Bg4 10. Be3 Nd7 11. Ne2 Qa5 12. Rc1 Qh5 13. Ng3 Bxf3 14. gxf3 Qa5
15. f4 Kh8 16. d5 Nd8 17. Bd4 f6 18. Qe1 Qxe1 19. Rfxe1 Nb6 20. Rc7 Rf7 21.
Rec1 Bh6 22. Ne2 Kg7 23. a4 Rb8 24. a5 Na8 25. Rc8 1-0

[Event "Mechanics' Fall TNM; 30/90, SD/30"]
[Site "San Francisco"]
[Date "2013.11.05"]
[Round "3.6"]
[White "Wong, Russell"]
[Black "Steger, Eric"]
[Result "1-0"]
[WhiteElo "2200"]
[BlackElo "1936"]
[PlyCount "111"]
[EventDate "2013.??.??"]

1. e4 Nc6 2. d4 e5 3. d5 Nce7 4. c4 Ng6 5. Nc3 Bc5 6. a3 Nf6 7. Be2 d6 8. Nf3
a6 9. Qd3 O-O 10. O-O Nh5 11. g3 Bh3 12. Re1 h6 13. Ng5 hxg5 14. Bxh5 Qf6 15.
Be3 Nf4 16. gxf4 gxf4 17. Bxf4 Qh4 18. Be3 Qxh5 19. Bxc5 dxc5 20. Re3 Bd7 21.
Rg3 f5 22. exf5 Rxf5 23. Rf1 Raf8 24. f3 Rg5 25. Ne4 Bf5 26. Qe3 Rxg3+ 27. Nxg3
Qg6 28. Kg2 Bd3 29. Rc1 Qh6 30. Qxh6 gxh6 31. Rc3 Bb1 32. Re3 Ba2 33. b3 b5 34.
Rxe5 Bxb3 35. Ne4 Bxc4 36. Nxc5 Rd8 37. Nxa6 Rxd5 38. Rxd5 Bxd5 39. Nxc7 Bc4
40. Kf2 Kf7 41. Ke3 Kf6 42. Ke4 Bf1 43. Nd5+ Ke6 44. Ne3 Be2 45. f4 h5 46. h4
Kf6 47. Nd5+ Kf7 48. Ke5 Bg4 49. f5 Bf3 50. Nc3 Bc6 51. Kd6 Be8 52. Nd5 Kg7 53.
Nc7 Bf7 54. Ke7 Bc4 55. f6+ Kg6 56. Ne6 1-0

[Event "Mechanics' Fall TNM; 30/90, SD/30"]
[Site "San Francisco"]
[Date "2013.12.03"]
[Round "7.4"]
[White "Wong, Russell"]
[Black "Todortsev, Victor"]
[Result "1-0"]
[WhiteElo "2200"]
[BlackElo "1932"]
[PlyCount "79"]
[EventDate "2013.??.??"]

1. g3 Nf6 2. Bg2 d5 3. c4 e6 4. cxd5 exd5 5. d3 Be7 6. Nf3 O-O 7. O-O c6 8.
Nbd2 Nbd7 9. b3 Re8 10. Bb2 Nf8 11. Qc2 Bg4 12. h3 Bh5 13. e4 Bg6 14. Nh4 Qd7
15. f4 Nh5 16. Nxg6 hxg6 17. Rf3 f5 18. Kh2 Rad8 19. e5 Ne6 20. Raf1 Rf8 21. a3
Rf7 22. b4 Rdf8 23. h4 Bd8 24. Nb3 Bb6 25. d4 Qe7 26. Nc5 Nxc5 27. bxc5 Bd8 28.
Qf2 Kh7 29. Bc3 Qe6 30. Rb1 a6 31. Be1 Qc8 32. Rfb3 a5 33. Bh3 Re8 34. a4 Qa8
35. Bd2 Qc8 36. Qf3 Qd7 37. Rxb7 Qxb7 38. Rxb7 Rxb7 39. Bxf5 Rf8 40. Qxh5+ 1-0

[Event "Mechanics' Fall TNM; 30/90, SD/30"]
[Site "San Francisco"]
[Date "2013.12.10"]
[Round "8.3"]
[White "Wong, Russell"]
[Black "Uzzaman, Ashik"]
[Result "0-1"]
[WhiteElo "2200"]
[BlackElo "1923"]
[Annotator "Donaldson"]
[PlyCount "64"]
[EventDate "2013.??.??"]

1. g3 d5 2. Bg2 Nf6 3. c4 e6 4. Nf3 Be7 5. O-O O-O 6. b3 dxc4 7. bxc4 Ne4 8.
Bb2 Bf6 9. Ne5 Nd6 10. Qc2 Nd7 11. d4 c5 12. e3 cxd4 13. exd4 Qc7 14. Na3 a6
15. c5 Nf5 16. c6 Nxe5 17. dxe5 Be7 18. cxb7 Qxc2 {Diagram #} 19. bxa8=Q (19.
Nxc2 Rb8 $3 (19... Bxb7 20. Bxb7 Rab8 21. Bxa6 Rxb2 22. Bd3 $14) 20. bxc8=Q
Rfxc8 $11 {two of White's pieces are hanging}) 19... Qxb2 20. Nc4 Qb4 21. Qe4
Bd7 22. Rab1 Qc5 23. Rfc1 Rc8 24. Qf4 (24. Qe1 $1 $18) 24... Nd4 {Diagram #}
25. Qd2 $2 (25. Qe3 $1 $18 Bb5 26. Rd1) 25... Bb5 $15 26. Ne3 $4 (26. Rd1 Rd8
27. Nd6 Ne2+ 28. Kh1 Qxe5 29. Nc4 Rxd2 30. Nxe5 Rxa2 $15) 26... Qxc1+ 27. Rxc1
Rxc1+ 28. Nd1 Ba4 29. Qxc1 Ne2+ 30. Kf1 Nxc1 31. Nc3 Bb5+ 32. Ke1 Bb4 0-1

[Event "Mechanics' Fall TNM; 30/90, SD/30"]
[Site "San Francisco"]
[Date "2013.11.19"]
[Round "5.18"]
[White "Yamamoto, Craig"]
[Black "Agdamag, Samuel"]
[Result "0-1"]
[WhiteElo "1509"]
[BlackElo "1292"]
[PlyCount "51"]
[EventDate "2013.??.??"]

1. c4 Nf6 2. d4 g6 3. e3 Bg7 4. Nf3 O-O 5. Be2 d6 6. Nbd2 Re8 7. O-O e5 8. d5
Nbd7 9. e4 Nc5 10. Qc2 Nh5 11. b4 Nf4 12. Re1 Nxe2+ 13. Rxe2 Nd7 14. a4 Nf8 15.
Ne1 f5 16. f3 f4 17. Nd3 Qg5 18. Nf1 h5 19. Ne1 Nh7 20. Ra2 Nf6 21. Qb1 Kf7 22.
Qc2 Rh8 23. Nd3 h4 24. h3 Bxh3 25. Kf2 Qxg2+ 26. Ke1 0-1

[Event "Mechanics' Neil Falconer TNM; 30/90, SD"]
[Site "San Francisco"]
[Date "2013.09.03"]
[Round "5.17"]
[White "Yamamoto, Craig"]
[Black "Alzhin, Leonid"]
[Result "0-1"]
[WhiteElo "1500"]
[BlackElo "1873"]
[PlyCount "50"]
[EventDate "2013.??.??"]

1. d4 Nf6 2. e3 d5 3. Bd3 c5 4. Bb5+ Bd7 5. Qe2 e6 6. c3 Bd6 7. Nd2 O-O 8. f3
e5 9. dxe5 Bxe5 10. Nb3 Qb6 11. Bxd7 Nbxd7 12. Bd2 c4 13. f4 Bd6 14. Nd4 Qxb2
15. Qd1 Nc5 16. Ngf3 Nd3+ 17. Kf1 Ne4 18. Qb1 Nxd2+ 19. Nxd2 Qxd2 20. Ne2 Qxe3
21. Qxd3 cxd3 22. Nd4 Rfe8 23. g3 d2 24. Kg2 Qxc3 25. Nf3 Re2+ 0-1

[Event "Mechanics' Summer TNM; 30/90, SD/30"]
[Site "San Francisco"]
[Date "2013.06.25"]
[Round "5.36"]
[White "Yamamoto, Craig"]
[Black "Chea, Na"]
[Result "0-1"]
[WhiteElo "1542"]
[BlackElo "1428"]
[PlyCount "48"]
[EventDate "2013.??.??"]

1. e4 c5 2. Nf3 d6 3. d4 cxd4 4. Nxd4 Nf6 5. Nc3 a6 6. a4 e6 7. g3 b6 8. Bg2
Bb7 9. O-O Qc7 10. Be3 Be7 11. f4 O-O 12. g4 Nc6 13. g5 Nd7 14. Rf3 Nxd4 15.
Bxd4 f5 16. Rh3 g6 17. Qe1 fxe4 18. Rxh7 Kxh7 19. Qh4+ Kg8 20. Nxe4 e5 21. Qh6
Rxf4 22. Qxg6+ Kf8 23. Bh3 Bxe4 24. Qh6+ Ke8 0-1

[Event "Mechanics' Summer TNM; 30/90, SD/30"]
[Site "San Francisco"]
[Date "2013.06.04"]
[Round "2.26"]
[White "Yamamoto, Craig"]
[Black "Hakobyan, Sos"]
[Result "0-1"]
[WhiteElo "1542"]
[BlackElo "1765"]
[PlyCount "84"]
[EventDate "2013.??.??"]

1. e4 e6 2. d4 d5 3. Nd2 Nf6 4. e5 Nfd7 5. f4 c5 6. Ngf3 Nc6 7. Nb3 Qb6 8. c3
cxd4 9. Nfxd4 a6 10. Be3 Qc7 11. Qd3 Nb6 12. Nxc6 bxc6 13. Bc5 Bxc5 14. Nxc5
Qe7 15. Qd4 Nd7 16. Na4 O-O 17. Bd3 c5 18. Qe3 Bb7 19. Qe2 Bc6 20. Bc2 Bb5 21.
Qh5 g6 22. Qh6 d4 23. O-O-O d3 24. Rxd3 Bxd3 25. Bxd3 Rfd8 26. Bc2 Qf8 27. Qg5
f6 28. exf6 Nxf6 29. Nxc5 Rd5 30. Nxe6 Rxg5 31. Nxf8 Rxg2 32. Ne6 Re8 33. Bb3
Kh8 34. Nc5 Ree2 35. Nxa6 Rxb2 36. Nb4 Rbf2 37. Nd3 Rf3 38. Ne1 Rxc3+ 39. Bc2
Rf2 40. Nd3 Rcxc2+ 41. Kb1 Rxh2 42. Re1 Rxa2 0-1

[Event "Mechanics' Summer TNM; 30/90, SD/30"]
[Site "San Francisco"]
[Date "2013.06.11"]
[Round "3.29"]
[White "Yamamoto, Craig"]
[Black "Li, William"]
[Result "0-1"]
[WhiteElo "1544"]
[BlackElo "1787"]
[PlyCount "59"]
[EventDate "2013.??.??"]

1. c4 e5 2. Nc3 Nc6 3. g3 g6 4. Bg2 Nge7 5. e3 Bg7 6. Nge2 O-O 7. O-O d6 8. d4
exd4 9. exd4 Rb8 10. Bg5 Qd7 11. Ne4 f6 12. Be3 b6 13. Qd2 Bb7 14. Nf4 Rfe8 15.
Bh3 Nf5 16. Nc3 Bc8 17. Nfd5 Qd8 18. Bg2 Na5 19. b3 Nxe3 20. fxe3 c6 21. Nb4
Bh6 22. Rae1 Bb7 23. Qf2 f5 24. e4 Rf8 25. Qe2 c5 26. dxc5 dxc5 27. Nbd5 Nc6
28. exf5 Nd4 29. Qe5 -- 30. Ne7+ 0-1

[Event "Mechanics' Neil Falconer TNM; 30/90, SD"]
[Site "San Francisco"]
[Date "2013.08.13"]
[Round "2.25"]
[White "Yamamoto, Craig"]
[Black "Louie, Henry"]
[Result "1/2-1/2"]
[WhiteElo "1729"]
[BlackElo "1496"]
[Annotator "Donaldson"]
[PlyCount "52"]
[EventDate "2013.??.??"]

1. c4 Nf6 2. Nf3 g6 3. g3 Bg7 4. Bg2 O-O 5. O-O d6 6. Nc3 Nc6 7. d4 e5 8. dxe5
dxe5 9. e4 Bg4 10. h3 Bd7 11. Bg5 Qc8 12. Kh2 h6 13. Be3 Be6 14. b3 Rd8 15. Qc1
Kh7 16. Qc2 Nd4 17. Qd1 Nf5 18. Bd2 Nd6 19. Nxe5 Nfxe4 20. Nxf7 Nxf7 21. Nxe4
Bxa1 22. Qxa1 Bf5 23. Nf6+ Kg7 24. Nd7+ (24. Nh5+ Kf8 25. Bxh6+ Ke8 26. Re1+
Be6 27. Qf6 Rd6 28. Ng7+ $18) 24... Kg8 25. Nf6+ (25. Bd5 Rxd7 26. Bxh6 $18)
25... Kf8 26. Nh7+ Kg8 1/2-1/2

[Event "Mechanics' Summer TNM; 30/90, SD/30"]
[Site "San Francisco"]
[Date "2013.07.16"]
[Round "8.35"]
[White "Yamamoto, Craig"]
[Black "Otterbach, Renate"]
[Result "0-1"]
[WhiteElo "1542"]
[BlackElo "948"]
[PlyCount "44"]
[EventDate "2013.??.??"]

1. e4 c5 2. Nf3 Nc6 3. d4 Nxd4 4. Nxd4 cxd4 5. Qxd4 Nf6 6. c4 Qc7 7. Be2 b6 8.
O-O Bb7 9. Bf3 g6 10. Bd2 Bg7 11. Bc3 Ng4 12. e5 Bxf3 13. gxf3 Nxe5 14. Qe4 Qc6
15. Bxe5 Qxe4 16. fxe4 Bxe5 17. Nd2 Bxb2 18. Rab1 Bd4 19. Nb3 Be5 20. Nd2 Rc8
21. Rfd1 Rc5 22. Nf3 Bf4 0-1

[Event "Mechanics' Neil Falconer TNM; 30/90, SD"]
[Site "San Francisco"]
[Date "2013.09.10"]
[Round "6.21"]
[White "Yamamoto, Craig"]
[Black "Poling, Scott"]
[Result "0-1"]
[WhiteElo "1500"]
[BlackElo "1751"]
[PlyCount "60"]
[EventDate "2013.??.??"]

1. d4 e6 2. c4 Nf6 3. Nf3 c5 4. e3 cxd4 5. exd4 Bb4+ 6. Bd2 Qa5 7. Bxb4 Qxb4+
8. Qd2 Nc6 9. Nc3 O-O 10. O-O-O d5 11. cxd5 exd5 12. h3 Bf5 13. Nh4 Be6 14. g4
Rac8 15. f3 Qa5 16. Kb1 a6 17. Ng2 b5 18. a3 b4 19. axb4 Nxb4 20. Rc1 Rfd8 21.
Nf4 Bd7 22. Nfe2 Bb5 23. Rd1 Bd3+ 24. Qxd3 Nxd3 25. Rxd3 Rb8 26. g5 Qb4 27. Rd2
Nd7 28. Rc2 Nb6 29. Kc1 Nc4 30. Na2 Qe1# 0-1

[Event "Mechanics' Neil Falconer TNM; 30/90, SD"]
[Site "San Francisco"]
[Date "2013.08.27"]
[Round "4.6"]
[White "Zhao, Art"]
[Black "Abraham, Renjish"]
[Result "1/2-1/2"]
[WhiteElo "2115"]
[BlackElo "1871"]
[PlyCount "115"]
[EventDate "2013.??.??"]

1. d4 d5 2. c4 e6 3. Nc3 Nf6 4. Nf3 Be7 5. Bg5 O-O 6. e3 Nbd7 7. Bd3 dxc4 8.
Bxc4 b6 9. O-O Bb7 10. Qe2 Nd5 11. Bxe7 Qxe7 12. e4 Nxc3 13. bxc3 c5 14. Rfd1
Nf6 15. Bd3 g6 16. Qe3 Rac8 17. Qg5 Rfe8 18. e5 Ne4 19. Qh6 Qf8 20. Qxf8+ Rxf8
21. Bxe4 Bxe4 22. Nd2 Bb7 23. Nc4 cxd4 24. Nd6 Rc7 25. cxd4 Bd5 26. Rd2 a6 27.
a4 Rb8 28. h3 b5 29. axb5 axb5 30. Rb2 b4 31. f3 b3 32. Rab1 Ra8 33. Ne4 Bxe4
34. fxe4 Rd7 35. Rxb3 Rxd4 36. Rb4 Rxb4 37. Rxb4 Ra5 38. Kf2 Rxe5 39. g4 f5 40.
exf5 exf5 41. Kf3 fxg4+ 42. hxg4 Kf7 43. Kf4 Re7 44. g5 Kg7 45. Rb6 h6 46.
gxh6+ Kxh6 47. Rb5 Rf7+ 48. Kg4 Rd7 49. Kh4 Rd4+ 50. Kg3 g5 51. Rb6+ Kh5 52.
Rb3 Rd5 53. Ra3 Rd1 54. Rb3 Rg1+ 55. Kh2 Rg4 56. Kh3 Rd4 57. Kg3 Rd5 58. Ra3
1/2-1/2